| 000 | 00000nam 2200000zi 4500 |
| 001 | 9.895179 |
| 003 | CaOODSP |
| 005 | 20250121091643 |
| 006 | m o d f |
| 007 | cr cn||||||||| |
| 008 | 210111t19801980onca||||obi f00| 0 eng d |
| 040 | |aCaOODSP|beng|erda|cCaOODSP |
| 043 | |an-cn--- |
| 086 | 1 |aNR24-77/1980E-PDF |
| 245 | 00|aBuilding standards for the handicapped 1980. |
| 250 | |aFifth edition 1980. |
| 264 | 1|aOttawa : |bNational Research Council of Canada, Associate Committee on the National Building Code, |c1980. |
| 264 | 4|c©1980 |
| 300 | |a1 online resource (ix, 25 pages) : |billustrations |
| 336 | |atext|btxt|2rdacontent |
| 337 | |acomputer|bc|2rdamedia |
| 338 | |aonline resource|bcr|2rdacarrier |
| 500 | |aIssued also in French under title: Normes de construction pour les handicapés 1980. |
| 500 | |aDigitized edition from print [produced by National Research Council of Canada]. |
| 500 | |a"NRCC No. 17669." |
| 504 | |aIncludes bibliographical references and index. |
| 650 | 0|aBarrier-free design|xLaw and legislation|zCanada. |
| 650 | 0|aBuildings|xStandards|zCanada. |
| 650 | 0|aStandards, Engineering|zCanada. |
| 710 | 2 |aNational Research Council of Canada. |bAssociate Committee on the National Building Code, |eissuing body. |
| 775 | 08|tNormes de construction pour les handicapés 1980.|w(CaOODSP)9.946154 |
| 795 | |tBuilding standards for the handicapped 1977 : |b1977 edition|w(CaOODSP)9.946148 |
| 856 | 40|qPDF|s773 KB|uhttps://publications.gc.ca/collections/collection_2024/cnrc-nrc/NR24-77-1980-eng.pdf |